000 00281nam a22001337a 4500
008 170207b xxu||||| |||| 00| 0 eng d
020 _a9780684832258
041 _aeng
080 _a61
100 _a4
101 _aSHM
245 _aBODY COUNT
_cWILLIAM BENNETT
942 _2udc
_cBK
999 _c4793
_d4793